<?xml version="1.0" encoding="UTF-8"?>
<record
    xmlns:xsi="http://www.w3.org/2001/XMLSchema-instance"
    xsi:schemaLocation="http://www.loc.gov/MARC21/slim http://www.loc.gov/standards/marcxml/schema/MARC21slim.xsd"
    xmlns="http://www.loc.gov/MARC21/slim">

  <leader>01084    a2200217   4500</leader>
  <controlfield tag="005">20080916172921.0</controlfield>
  <controlfield tag="008">080916t        xxu||||| |||| 00| 0 hin d</controlfield>
  <datafield tag="010" ind1=" " ind2=" ">
    <subfield code="a">HIN-80971</subfield>
  </datafield>
  <datafield tag="020" ind1=" " ind2=" ">
    <subfield code="a">8188257176</subfield>
    <subfield code="c">200.00</subfield>
  </datafield>
  <datafield tag="035" ind1=" " ind2=" ">
    <subfield code="a">HN-53317</subfield>
  </datafield>
  <datafield tag="037" ind1=" " ind2=" ">
    <subfield code="b">D.B.Act / pub</subfield>
  </datafield>
  <datafield tag="082" ind1=" " ind2=" ">
    <subfield code="a">796.14</subfield>
  </datafield>
  <datafield tag="100" ind1=" " ind2=" ">
    <subfield code="a">&#x91C;&#x93E;&#x902;&#x917;&#x93F;&#x921;,&#x930;&#x93E;&#x92E;&#x935;&#x93F;&#x932;&#x93E;&#x938;</subfield>
  </datafield>
  <datafield tag="245" ind1=" " ind2=" ">
    <subfield code="a">&#x917;&#x94D;&#x930;&#x93E;&#x92E;&#x940;&#x923; &#x916;&#x947;&#x932;</subfield>
    <subfield code="c">&#x930;&#x93E;&#x92E;&#x935;&#x93F;&#x932;&#x93E;&#x938; &#x91C;&#x93E;&#x902;&#x917;&#x93F;&#x921;</subfield>
  </datafield>
  <datafield tag="246" ind1=" " ind2=" ">
    <subfield code="a">Grameen  khel</subfield>
    <subfield code="b">by-Ramvelas jaangid</subfield>
  </datafield>
  <datafield tag="260" ind1=" " ind2=" ">
    <subfield code="a">&#x91C;&#x92F;&#x92A;&#x941;&#x930;</subfield>
    <subfield code="b">&#x939;&#x902;&#x938;&#x93E; &#x92A;&#x94D;&#x930;&#x915;&#x93E;&#x936;&#x928;</subfield>
    <subfield code="c">2006</subfield>
  </datafield>
  <datafield tag="300" ind1=" " ind2=" ">
    <subfield code="a">168&#x92A;&#x943;</subfield>
    <subfield code="c">22 &#x938;&#x947;&#x92E;&#x940; (&#x938;&#x91C;&#x93F;&#x932;&#x94D;&#x926;)</subfield>
  </datafield>
  <datafield tag="270" ind1=" " ind2=" ">
    <subfield code="a">57 &#x928;&#x93E;&#x91F;&#x93E;&#x923;&#x940;,&#x92D;&#x935;&#x928;,&#x92E;&#x93F;&#x936;&#x94D;&#x930;&#x930;&#x93E;&#x91C;&#x93E; &#x91C;&#x940; &#x915;&#x93E; &#x930;&#x93E;&#x938;&#x94D;&#x924;&#x93E;,&#x91A;&#x902;&#x926;&#x92A;&#x94B;&#x932; &#x92C;&#x93E;&#x91C;&#x93E;&#x930;</subfield>
    <subfield code="b">&#x91C;&#x92F;&#x92A;&#x941;&#x930;</subfield>
    <subfield code="e">302001</subfield>
  </datafield>
  <datafield tag="942" ind1=" " ind2=" ">
    <subfield code="a">dpl</subfield>
    <subfield code="c">HN</subfield>
    <subfield code="k">796.14 / &#x91C;&#x93E;&#x902;&#x917;&#x93F;&#x921;</subfield>
    <subfield code="2">ddc</subfield>
    <subfield code="h">796.14</subfield>
    <subfield code="m">&#x91C;&#x93E;&#x902;&#x917;&#x93F;&#x921;</subfield>
  </datafield>
  <datafield tag="999" ind1=" " ind2=" ">
    <subfield code="c">7660</subfield>
    <subfield code="d">7660</subfield>
  </datafield>
  <datafield tag="952" ind1=" " ind2=" ">
    <subfield code="0">0</subfield>
    <subfield code="1">0</subfield>
    <subfield code="2">ddc</subfield>
    <subfield code="4">0</subfield>
    <subfield code="7">0</subfield>
    <subfield code="a">DBAD</subfield>
    <subfield code="b">DBAD</subfield>
    <subfield code="d">2008-09-16</subfield>
    <subfield code="g">200.00</subfield>
    <subfield code="l">0</subfield>
    <subfield code="o">796.14 &#x91C;&#x93E;&#x902;&#x917;&#x93F;&#x921;</subfield>
    <subfield code="p">HN-53317</subfield>
    <subfield code="r">2008-09-15 00:00:00</subfield>
    <subfield code="t">1</subfield>
    <subfield code="u">8553</subfield>
    <subfield code="v">200.00</subfield>
    <subfield code="w">2008-09-15</subfield>
    <subfield code="y">HN</subfield>
  </datafield>
</record>
